[Event "FLORIPA CHESS OPEN 2015"]
[Site "Florianopolis/SC"]
[Date "2015.01.18"]
[Round "9"]
[Board "42"]
[White "Fonseca Rodrigues, Edson"]
[Black "Souza, Gustavo Horokoski De"]
[Result "1/2-1/2"]
[WhiteElo "2024"]
[BlackElo "1903"]
[PlyCount "76"]
[EventDate "2015.01.14"]
[EventRounds "10"]
[EventCountry "BRA"]

1. e4 e6 2. d4 d5 3. Nd2 dxe4 4. Nxe4 Nd7 5. Bd3 Ngf6 6. Bg5 Be7 7. Bxf6 Bxf6
8. Nf3 O-O 9. Nxf6+ Nxf6 10. Qe2 c6 11. O-O-O b5 12. h4 a5 13. Kb1 a4 14. c3 a3
15. b4 h6 16. Ne5 Nd5 17. Qd2 Qd6 18. g4 Ra4 19. Bc2 Nxc3+ 20. Qxc3 Qxb4+ 21.
Qxb4 Rxb4+ 22. Bb3 Bb7 23. Rh3 Rd8 24. Rhd3 f6 25. Nf3 c5 26. dxc5 Be4 27. Kc2
Rc4+ 28. Bxc4 bxc4 29. Kc3 cxd3 30. Ne1 Rc8 31. Nxd3 Bxd3 32. Rxd3 Rxc5+ 33.
Kb3 h5 34. f3 hxg4 35. fxg4 Ra5 36. Kb4 Re5 37. Kxa3 Re4 38. Rg3 Kf7 1/2-1/2

[Event "FLORIPA CHESS OPEN 2015"]
[Site "Florianopolis/SC"]
[Date "2015.01.18"]
[Round "9"]
[Board "43"]
[White "Das Chagas, David Ferreira"]
[Black "Hirota Da Silva, Nilton"]
[Result "1/2-1/2"]
[WhiteElo "1868"]
[BlackElo "2019"]
[PlyCount "41"]
[EventDate "2015.01.14"]
[EventRounds "10"]
[EventCountry "BRA"]

1. e4 c6 2. d4 d6 3. Nf3 g6 4. c4 Bg7 5. Nc3 Qc7 6. Be3 Nd7 7. Be2 Ngf6 8. Qd2
a6 9. Rc1 Ng4 10. Bg5 Ngf6 11. b4 O-O 12. O-O Re8 13. h3 e5 14. d5 c5 15. a3 b6
16. Qe3 h5 17. Nd2 Nh7 18. Kh1 Nxg5 19. Qxg5 Qd8 20. f4 Qxg5 21. fxg5 1/2-1/2

[Event "FLORIPA CHESS OPEN 2015"]
[Site "Florianopolis/SC"]
[Date "2015.01.18"]
[Round "9"]
[Board "44"]
[White "Pedruzzi, Pedro Henrique"]
[Black "Almeida, Tiago De"]
[Result "1/2-1/2"]
[WhiteElo "1812"]
[BlackElo "2019"]
[PlyCount "29"]
[EventDate "2015.01.14"]
[EventRounds "10"]
[EventCountry "BRA"]

1. d4 Nf6 2. c4 g6 3. Nc3 Bg7 4. e4 d6 5. Nge2 O-O 6. Ng3 Nc6 7. d5 Ne5 8. Be2
c6 9. Bg5 Qb6 10. Qd2 Bg4 11. f3 Bc8 12. Be3 Qb4 13. a3 Qb3 14. Bd1 Qxc4 15.
Be2 1/2-1/2

[Event "FLORIPA CHESS OPEN 2015"]
[Site "Florianopolis/SC"]
[Date "2015.01.18"]
[Round "9"]
[Board "45"]
[White "Carstens Dobuchak, Thiago"]
[Black "Lopes, Marcelo Ferreira"]
[Result "0-1"]
[WhiteElo "1816"]
[BlackElo "2002"]
[PlyCount "76"]
[EventDate "2015.01.14"]
[EventRounds "10"]
[EventCountry "BRA"]

1. e4 e6 2. d4 d5 3. Nd2 Nf6 4. e5 Nfd7 5. f4 c5 6. c3 Nc6 7. Ndf3 cxd4 8. cxd4
Bb4+ 9. Kf2 Qb6 10. Ne2 O-O 11. g4 f6 12. Be3 fxe5 13. a3 exd4 14. Nexd4 Bc5
15. Kg3 Nxd4 16. Bxd4 Bxd4 17. Qxd4 Qxd4 18. Nxd4 Nc5 19. Re1 Ne4+ 20. Rxe4
dxe4 21. Bc4 Bd7 22. Re1 Rac8 23. Bb3 Kh8 24. Rxe4 Rfe8 25. Nxe6 Bxe6 26. Rxe6
Rxe6 27. Bxe6 Rc2 28. b3 g6 29. a4 a5 30. h3 h6 31. h4 Rc3+ 32. Kg2 Kg7 33. f5
Kf6 34. Kh2 gxf5 35. gxf5 Re3 36. h5 Kg5 37. Kg2 Kxh5 38. Kf2 Rxe6 0-1

[Event "FLORIPA CHESS OPEN 2015"]
[Site "Florianopolis/SC"]
[Date "2015.01.18"]
[Round "9"]
[Board "46"]
[White "Alboredo, Julia"]
[Black "Barbisan Junior, Sergio"]
[Result "1-0"]
[WhiteElo "1995"]
[BlackElo "1886"]
[PlyCount "101"]
[EventDate "2015.01.14"]
[EventRounds "10"]
[EventCountry "BRA"]

1. e4 d6 2. d4 Nf6 3. Nc3 g6 4. f3 Bg7 5. Be3 b6 6. Qd2 c5 7. O-O-O cxd4 8.
Bxd4 O-O 9. Kb1 Nc6 10. Be3 Be6 11. g4 Ne5 12. h4 Nc4 13. Bxc4 Bxc4 14. h5 b5
15. Nce2 b4 16. Bh6 Qa5 17. Nc1 Bxh6 18. Qxh6 g5 19. Nh3 Kh8 20. Qxg5 Qxg5 21.
Nxg5 Rg8 22. Nh3 h6 23. Rd4 d5 24. e5 Nd7 25. Re1 e6 26. b3 Ba6 27. Rxb4 Nc5
28. Rf4 Rg7 29. Rf6 Kh7 30. Rf4 Bb5 31. Rd4 a5 32. Nf4 a4 33. Ncd3 Nxd3 34.
Nxd3 axb3 35. cxb3 Rgg8 36. Rc1 Ra7 37. Nf2 Rga8 38. Rd2 Kg7 39. f4 f6 40.
exf6+ Kxf6 41. Nh3 Be8 42. Rg1 Ra5 43. Re2 R8a6 44. g5+ hxg5 45. fxg5+ Kg7 46.
Nf4 Kg8 47. g6 e5 48. Rxe5 Rxa2 49. Rxe8+ Kg7 50. Ne6+ Kf6 51. Rf1+ 1-0

[Event "FLORIPA CHESS OPEN 2015"]
[Site "Florianopolis/SC"]
[Date "2015.01.18"]
[Round "9"]
[Board "47"]
[White "Da Cruz, Karoliny Taiane"]
[Black "Pereira, Everaldo Cordeiro"]
[Result "1/2-1/2"]
[WhiteElo "1798"]
[BlackElo "1994"]
[PlyCount "140"]
[EventDate "2015.01.14"]
[EventRounds "10"]
[EventCountry "BRA"]

1. d4 d5 2. c4 e6 3. Nc3 Nf6 4. cxd5 exd5 5. Bg5 Be7 6. e3 O-O 7. Nf3 c6 8. Qc2
Nbd7 9. Bd3 Re8 10. O-O Nf8 11. Rab1 Ne4 12. Bxe7 Qxe7 13. b4 Nxc3 14. Qxc3 a6
15. a4 Ng6 16. b5 axb5 17. axb5 Bd7 18. Bxg6 hxg6 19. Ne5 Bf5 20. Rb3 Ra2 21.
bxc6 Rc2 22. Qb4 Qxb4 23. Rxb4 bxc6 24. Rb7 f6 25. Nd7 Bxd7 26. Rxd7 Rb8 27.
Ra7 Rbb2 28. Raa1 Kf7 29. Rac1 Ke6 30. Rxc2 Rxc2 31. Rb1 c5 32. dxc5 Rxc5 33.
Kf1 g5 34. Ke2 Rc2+ 35. Kf3 g4+ 36. Kg3 g5 37. Rb6+ Ke5 38. Rb4 f5 39. f4+ gxf3
40. gxf3 Rc4 41. Rb8 f4+ 42. exf4+ gxf4+ 43. Kg4 Rc2 44. Re8+ Kd4 45. h4 Rh2
46. h5 Kc3 47. Rc8+ Kd3 48. Kxf4 Rxh5 49. Rd8 d4 50. Rc8 Rh4+ 51. Kg3 Rh7 52.
f4 Re7 53. Kf3 Kd2 54. Kf2 d3 55. Kf3 Ke1 56. Rc1+ Kd2 57. Rc8 Ke1 58. Rc1+ Kd2
59. Rc8 Kd1 60. Kf2 Re2+ 61. Kf3 Rc2 62. Re8 Rc5 63. Rd8 d2 64. Ke3 Rc3+ 65.
Kf2 Kc1 66. Ke2 Rc2 67. Ke3 Rc3+ 68. Ke2 Rc2 69. Ke3 Rc3+ 70. Ke2 Rc2 1/2-1/2

[Event "FLORIPA CHESS OPEN 2015"]
[Site "Florianopolis/SC"]
[Date "2015.01.18"]
[Round "9"]
[Board "48"]
[White "Franceschina, Dalvan"]
[Black "Boabaid, Jorge Alberto Duardes"]
[Result "1-0"]
[WhiteElo "1993"]
[BlackElo "1846"]
[PlyCount "65"]
[EventDate "2015.01.14"]
[EventRounds "10"]
[EventCountry "BRA"]

1. e4 c5 2. Nf3 d6 3. d4 cxd4 4. Nxd4 Nf6 5. Nc3 a6 6. Be2 e6 7. O-O Be7 8. a4
b6 9. Be3 Bb7 10. Bd3 Nbd7 11. f4 Qc7 12. Nb3 O-O 13. h3 Rfd8 14. Qe2 Rac8 15.
Rac1 Qb8 16. Bxa6 Rxc3 17. bxc3 Bxa6 18. Qxa6 Nxe4 19. a5 d5 20. axb6 Qd6 21.
c4 Nb8 22. Qb5 Nc3 23. c5 Nxb5 24. cxd6 Nxd6 25. Na5 Nf5 26. Bf2 Bf6 27. c4
dxc4 28. Rxc4 Nd4 29. b7 Nb5 30. Rc8 Nd6 31. Rfc1 h6 32. Rxd8+ Bxd8 33. Rc8 1-0

[Event "FLORIPA CHESS OPEN 2015"]
[Site "Florianopolis/SC"]
[Date "2015.01.18"]
[Round "9"]
[Board "50"]
[White "Deste, Dayan Kuhn"]
[Black "Albuquerque Junior, Wellington"]
[Result "0-1"]
[WhiteElo "1970"]
[BlackElo "2109"]
[PlyCount "124"]
[EventDate "2015.01.14"]
[EventRounds "10"]
[EventCountry "BRA"]

1. e4 c5 2. Nf3 d6 3. d4 cxd4 4. Nxd4 Nf6 5. Nc3 Nc6 6. f3 e5 7. Nb3 Be7 8. Be3
a5 9. Bb5 O-O 10. Qd2 Be6 11. O-O d5 12. exd5 Nxd5 13. Nxd5 Bxd5 14. Qf2 Qc8
15. Rfd1 Be6 16. Nc5 Bf5 17. c3 Rd8 18. Na4 Qe6 19. Nb6 Rxd1+ 20. Rxd1 Rd8 21.
Rxd8+ Bxd8 22. Qd2 Be7 23. g4 Bg6 24. Bc4 Qd6 25. Nc8 Qc7 26. Nxe7+ Nxe7 27.
Bb3 h5 28. h3 Kh7 29. f4 exf4 30. Bxf4 Qc6 31. Qd4 Qf3 32. Bd6 Nc6 33. Qf4 Qxh3
34. gxh5 Qxh5 35. Kf2 Kg8 36. Kg1 Qe2 37. Qf2 Qe4 38. Qg2 Qb1+ 39. Kh2 Be4 40.
Qf2 Qh1+ 41. Kg3 Qh5 42. Qf4 Qg6+ 43. Kf2 Qg2+ 44. Ke3 Bg6 45. Qg3 Qe4+ 46. Kf2
a4 47. Bd1 Qb1 48. Bg4 Qxb2+ 49. Ke1 Qa1+ 50. Bd1 Bh5 51. Qd3 Bxd1 52. Qxd1
Qxc3+ 53. Qd2 Qxd2+ 54. Kxd2 f6 55. Kd3 Kf7 56. Kc4 Ke6 57. Bf8 g5 58. Kb5 Ne5
59. Kxa4 Nd7 60. Ka5 Nxf8 61. Kb6 g4 62. Kxb7 g3 0-1

[Event "FLORIPA CHESS OPEN 2015"]
[Site "Florianopolis/SC"]
[Date "2015.01.18"]
[Round "10"]
[Board "1"]
[White "Rodriguez Vila, Andres"]
[Black "Matsuura, Everaldo"]
[Result "1-0"]
[WhiteElo "2444"]
[BlackElo "2505"]
[PlyCount "85"]
[EventDate "2015.01.14"]
[EventRounds "10"]
[EventCountry "BRA"]

1. e4 c5 2. Nf3 Nc6 3. d4 cxd4 4. Nxd4 Nf6 5. Nc3 e5 6. Ndb5 d6 7. Nd5 Nxd5 8.
exd5 Nb8 9. Qf3 a6 10. Qa3 Be7 11. Bg5 f6 12. Bd2 O-O 13. Be2 Qd7 14. c4 b6 15.
O-O Bb7 16. Nc3 Qd8 17. f4 f5 18. Be3 Nd7 19. Kh1 exf4 20. Bxf4 Qc7 21. Rac1
Rae8 22. Rc2 Ne5 23. Qb3 Bf6 24. Na4 Nd7 25. Bf3 Re7 26. Nxb6 Nc5 27. Qb4 g5
28. Bd2 g4 29. Bd1 Bd4 30. Bh6 Rfe8 31. Qd2 Be3 32. Bxe3 Rxe3 33. Rc3 Rxc3 34.
bxc3 Ne4 35. Qd4 Re5 36. Bc2 Qe7 37. Kg1 g3 38. h3 Qg5 39. Nd7 Nd2 40. Rd1 Qe3+
41. Qxe3 Rxe3 42. c5 dxc5 43. Bxf5 1-0

[Event "FLORIPA CHESS OPEN 2015"]
[Site "Florianopolis/SC"]
[Date "2015.01.18"]
[Round "10"]
[Board "3"]
[White "Bachmann, Axel"]
[Black "Quintiliano Pinto, Renato R."]
[Result "1/2-1/2"]
[WhiteElo "2629"]
[BlackElo "2364"]
[PlyCount "94"]
[EventDate "2015.01.14"]
[EventRounds "10"]
[EventCountry "BRA"]

1. c4 c5 2. Nf3 Nc6 3. d4 cxd4 4. Nxd4 Nf6 5. g3 e5 6. Nb5 Bb4+ 7. N1c3 d6 8.
a3 Bxc3+ 9. Nxc3 Be6 10. e3 O-O 11. f3 Rc8 12. e4 Qb6 13. b3 Nd4 14. Be3 Nc2+
15. Qxc2 Qxe3+ 16. Be2 Bh3 17. Qd3 Qxd3 18. Bxd3 Bg2 19. Rg1 Bxf3 20. h3 Bh5
21. Nb5 a6 22. Nxd6 Rcd8 23. c5 Ne8 24. Be2 Nxd6 25. cxd6 Bxe2 26. Kxe2 Rxd6
27. Rgd1 Rfd8 28. Rxd6 Rxd6 29. Rc1 Kf8 30. Rc7 Rb6 31. b4 a5 32. bxa5 Rb3 33.
a4 Rb4 34. Rc5 Rxe4+ 35. Kf3 Rxa4 36. Rxe5 Rb4 37. Rc5 Ke7 38. Rc7+ Ke6 39. a6
Rb3+ 40. Kf2 bxa6 41. Rc6+ Kf5 42. Rxa6 h5 43. Ra5+ Kg6 44. h4 f6 45. Kg2 Re3
46. Ra7 Kh6 47. Ra6 Kg6 1/2-1/2

[Event "FLORIPA CHESS OPEN 2015"]
[Site "Florianopolis/SC"]
[Date "2015.01.18"]
[Round "10"]
[Board "5"]
[White "Delgado, Lidio Dias"]
[Black "Di Berardino, Diego Rafael"]
[Result "0-1"]
[WhiteElo "2262"]
[BlackElo "2484"]
[PlyCount "84"]
[EventDate "2015.01.14"]
[EventRounds "10"]
[EventCountry "BRA"]

1. d4 Nf6 2. Nf3 g6 3. g3 Bg7 4. Bg2 O-O 5. O-O d6 6. c4 Nc6 7. Nc3 a6 8. h3
Rb8 9. Be3 Bd7 10. Qd2 b5 11. cxb5 axb5 12. Bh6 b4 13. Nd1 Bxh6 14. Qxh6 Rb5
15. Qd2 Qc8 16. h4 Qa6 17. Re1 Bf5 18. Ne3 Be4 19. Ng5 Bxg2 20. Nxg2 Qb6 21.
Nf3 e5 22. dxe5 Ng4 23. Rf1 Ncxe5 24. Nxe5 Rxe5 25. Nf4 Ree8 26. Nd3 Re4 27. a3
bxa3 28. Rxa3 Rfe8 29. Nf4 Qb7 30. Rc3 R4e5 31. Rfc1 Qb6 32. e4 Rxe4 33. Nd5
Rd4 34. Nxb6 Rxd2 35. Nc4 Rde2 36. R1c2 d5 37. Ne3 Re1+ 38. Nf1 Ra1 39. Kg2 h5
40. Rxc7 Ree1 41. Nd2 Re2 42. Nb3 Ne3+ 0-1

[Event "FLORIPA CHESS OPEN 2015"]
[Site "Florianopolis/SC"]
[Date "2015.01.18"]
[Round "10"]
[Board "6"]
[White "Paveto, Kevin"]
[Black "Gauche, Charles"]
[Result "0-1"]
[WhiteElo "2437"]
[BlackElo "2229"]
[PlyCount "170"]
[EventDate "2015.01.14"]
[EventRounds "10"]
[EventCountry "BRA"]

1. e4 c5 2. Nf3 a6 3. Nc3 b5 4. d4 cxd4 5. Nxd4 e6 6. Bd3 Bb7 7. O-O d6 8. Kh1
Nd7 9. f4 Ngf6 10. a3 Qc7 11. Qe2 Be7 12. Bd2 h5 13. a4 bxa4 14. Nxa4 h4 15. c4
g6 16. Nf3 Qc6 17. Nc3 Nc5 18. Bc2 a5 19. Be3 Kf8 20. Bd4 Rh5 21. Rae1 h3 22.
g3 Rc8 23. Kg1 Ba6 24. b3 Rb8 25. Rb1 Bb7 26. Rfe1 Bd8 27. Bf2 Be7 28. Nd4 Qc8
29. Red1 Ra8 30. Re1 e5 31. fxe5 dxe5 32. Ndb5 Ng4 33. Kh1 Nxf2+ 34. Qxf2 Ne6
35. Rf1 Rh7 36. Nd5 Qc5 37. Qxc5 Bxc5 38. Bd1 Kg7 39. Bg4 Ng5 40. Rbe1 Rhh8 41.
Re2 Bc6 42. Ra1 Rhb8 43. Rae1 f5 44. exf5 Rxb5 45. f6+ Kh6 46. Rxe5 Rxb3 47. f7
Nxf7 48. Re6 Bd7 49. Bf5 Bxe6 50. Rxe6 Kg5 51. Bc2 Rf3 52. Rxg6+ Kh5 53. Nf6+
Rxf6 54. Rxf6 Re8 55. Rf1 Nh6 56. g4+ Kxg4 57. Bf5+ Kh4 58. Bd7 Re2 59. Rf4+
Kg5 60. Rf1 Bd6 61. Rd1 Rxh2+ 62. Kg1 Rg2+ 63. Kh1 Bf4 64. Rd5+ Kh4 65. Rd4 Kg5
66. Rd5+ Kf6 67. Rd4 Rg1+ 68. Kxg1 Be3+ 69. Kh2 Bxd4 70. Kxh3 Ke5 71. Kg3 Nf5+
72. Kf3 Nd6 73. Ke2 Nxc4 74. Kd3 Nb6 75. Be8 Bf2 76. Kc3 Kd5 77. Kb3 Kc5 78.
Ka3 Kc4 79. Ka2 Kb4 80. Bf7 Bd4 81. Be6 Na4 82. Bf7 Nc3+ 83. Ka1 a4 84. Be6 Ka3
85. Bf7 Be3 0-1

[Event "FLORIPA CHESS OPEN 2015"]
[Site "Florianopolis/SC"]
[Date "2015.01.18"]
[Round "10"]
[Board "8"]
[White "Gazel, Frederico"]
[Black "Born, Carlos Rodrigo"]
[Result "1-0"]
[WhiteElo "2292"]
[BlackElo "2199"]
[PlyCount "83"]
[EventDate "2015.01.14"]
[EventRounds "10"]
[EventCountry "BRA"]

1. Nc3 d5 2. e4 dxe4 3. Nxe4 Nd7 4. Bc4 e6 5. Qe2 Be7 6. Nf3 h6 7. O-O Ngf6 8.
Ng3 O-O 9. d4 b6 10. Re1 Bb7 11. Ne5 Bd6 12. c3 Re8 13. Bf4 Qe7 14. Rad1 Nd5
15. Bc1 N7f6 16. Bb5 Rec8 17. c4 Nb4 18. a3 c6 19. Ba4 Na6 20. b4 b5 21. Bc2
bxc4 22. Ne4 Nxe4 23. Qxe4 f5 24. Qe2 Nc7 25. Nxc4 Ba6 26. Bd3 Bxc4 27. Bxc4
Re8 28. Qf3 Nd5 29. b5 Qd7 30. a4 Re7 31. g3 Rd8 32. Re2 Kh8 33. Bd2 cxb5 34.
axb5 Nb6 35. Bd3 Rf8 36. Rc1 Rc8 37. Rxc8+ Qxc8 38. g4 Rf7 39. gxf5 exf5 40.
Qh5 Qf8 41. Re6 Kh7 42. Qg6+ 1-0

[Event "FLORIPA CHESS OPEN 2015"]
[Site "Florianopolis/SC"]
[Date "2015.01.18"]
[Round "10"]
[Board "9"]
[White "Gotz, Klaus Seiji Furucho"]
[Black "Menna Barreto, Felipe Kubiaki"]
[Result "1/2-1/2"]
[WhiteElo "2143"]
[BlackElo "2247"]
[PlyCount "159"]
[EventDate "2015.01.14"]
[EventRounds "10"]
[EventCountry "BRA"]

1. d4 Nf6 2. c4 e6 3. Nf3 d5 4. Nc3 c6 5. cxd5 exd5 6. Bg5 Be7 7. Qc2 g6 8. e3
Bf5 9. Bd3 Bxd3 10. Qxd3 Nbd7 11. Bh6 Ng4 12. Bf4 O-O 13. h3 Ngf6 14. O-O Re8
15. Rab1 a5 16. Rfc1 Nb6 17. Qc2 Nc4 18. Ne5 Nd6 19. Na4 Ra7 20. Nc5 Nfe4 21.
Ned3 Nxc5 22. Bxd6 Ne4 23. Bxe7 Qxe7 24. b3 Raa8 25. Qb2 Nd6 26. Rc5 h5 27. Qe2
Qg5 28. Qf3 Re6 29. Qf4 Qe7 30. Rc2 g5 31. Qf3 Rh6 32. Nc5 Kh7 33. Re1 Rg8 34.
g4 f5 35. Nd3 hxg4 36. hxg4 fxg4 37. Qxg4 Rh4 38. Qg2 g4 39. Ne5 Nf7 40. Nxf7
Qxf7 41. e4 Qf4 42. Rc3 Rh3 43. Ree3 Rxe3 44. Rxe3 dxe4 45. Qxe4+ Qxe4 46. Rxe4
Kh6 47. Kg2 Kh5 48. Kg3 Rf8 49. Re5+ Kg6 50. Rxa5 Rf3+ 51. Kxg4 Rxf2 52. Ra7
Rf7 53. a4 Rd7 54. Kf3 Kf5 55. Ra5+ Ke6 56. Ke4 Rh7 57. Kd3 Kd6 58. Rg5 Rf7 59.
Kc4 Rh7 60. a5 Rf7 61. b4 Rh7 62. b5 cxb5+ 63. Kxb5 Kc7 64. Kc5 Rf7 65. d5 Rh7
66. d6+ Kd7 67. Re5 Rh1 68. Re7+ Kc8 69. Rc7+ Kb8 70. Kd4 Rh5 71. Rc5 Rh4+ 72.
Kc3 Rh3+ 73. Kc4 Rh4+ 74. Kd3 Rh3+ 75. Ke4 Rh4+ 76. Ke3 Rh3+ 77. Kf4 Rh4+ 78.
Ke5 Rh5+ 79. Kd4 Rh4+ 80. Kc3 1/2-1/2

[Event "FLORIPA CHESS OPEN 2015"]
[Site "Florianopolis/SC"]
[Date "2015.01.18"]
[Round "10"]
[Board "10"]
[White "Pottker, Gustavo Sartori"]
[Black "Matsuura, Frederico"]
[Result "0-1"]
[WhiteElo "2109"]
[BlackElo "2289"]
[PlyCount "44"]
[EventDate "2015.01.14"]
[EventRounds "10"]
[EventCountry "BRA"]

1. d4 d5 2. c4 c6 3. Nf3 Nf6 4. Nc3 a6 5. a4 e6 6. Qb3 Be7 7. Bf4 dxc4 8. Qxc4
b5 9. Qd3 Bb7 10. g3 c5 11. axb5 cxd4 12. Bxb8 Rxb8 13. Nb1 Bb4+ 14. Nbd2 Ne4
15. bxa6 Bc6 16. a7 Rc8 17. Qc4 Qb6 18. a8=Q Rxa8 19. Rxa8+ Bxa8 20. Qc8+ Ke7
21. Qxh8 Bxd2+ 22. Nxd2 Qxb2 0-1

[Event "FLORIPA CHESS OPEN 2015"]
[Site "Florianopolis/SC"]
[Date "2015.01.18"]
[Round "10"]
[Board "11"]
[White "Abrantes, Tiago Garrido"]
[Black "Pires, Marcos Vinicius Torsani"]
[Result "1-0"]
[WhiteElo "2147"]
[BlackElo "2274"]
[PlyCount "83"]
[EventDate "2015.01.14"]
[EventRounds "10"]
[EventCountry "BRA"]

1. c4 e6 2. d4 d5 3. Nf3 Nf6 4. g3 Be7 5. Bg2 O-O 6. O-O dxc4 7. Qc2 a6 8. Qxc4
b5 9. Qc2 Bb7 10. Bd2 Ra7 11. Rd1 Be4 12. Qc1 b4 13. Bg5 Qc8 14. Nbd2 Ba8 15.
Bxf6 Bxf6 16. Nb3 Nd7 17. Nc5 a5 18. Nxd7 Qxd7 19. Qc5 Ra6 20. Rac1 Rc6 21. Ne5
Rxc5 22. Nxd7 Rxc1 23. Rxc1 Rd8 24. Nxf6+ gxf6 25. Bxa8 Rxa8 26. Rxc7 Rd8 27.
e3 e5 28. dxe5 Rd1+ 29. Kg2 Ra1 30. exf6 h6 31. a3 bxa3 32. bxa3 Rxa3 33. Ra7
Ra2 34. g4 a4 35. h4 a3 36. h5 Ra1 37. Kf3 a2 38. e4 Kh8 39. Kf4 Kg8 40. e5 Kh8
41. Kf5 Kg8 42. e6 1-0

[Event "FLORIPA CHESS OPEN 2015"]
[Site "Florianopolis/SC"]
[Date "2015.01.18"]
[Round "10"]
[Board "12"]
[White "Borges, Victor Hugo Moreira"]
[Black "Bueno, Alfeu Junior Varela"]
[Result "1/2-1/2"]
[WhiteElo "2143"]
[BlackElo "2251"]
[PlyCount "120"]
[EventDate "2015.01.14"]
[EventRounds "10"]
[EventCountry "BRA"]

1. d4 e6 2. e4 d5 3. Nc3 Nf6 4. e5 Nfd7 5. f4 c5 6. Nf3 Nc6 7. Be3 cxd4 8. Nxd4
Bc5 9. Qd2 O-O 10. O-O-O a6 11. Qf2 Qe7 12. Kb1 Nxd4 13. Bxd4 b5 14. Bd3 Bxd4
15. Qxd4 Qc5 16. Ne2 b4 17. Rc1 Qxd4 18. Nxd4 a5 19. c3 Nc5 20. Bb5 bxc3 21.
Rxc3 Ne4 22. Rc7 Ba6 23. a4 Bxb5 24. axb5 a4 25. Ka2 Nd2 26. b6 Ra6 27. b7 Rb6
28. Nc6 g6 29. b8=Q Rfxb8 30. Nxb8 Rxb8 31. Rhc1 Rb4 32. g3 Nc4 33. Rc2 Kg7 34.
R7xc4 dxc4 35. Rc3 g5 36. fxg5 Kg6 37. h4 Kf5 38. Rf3+ Kg6 39. Rf6+ Kg7 40. Rf4
Kg6 41. g4 Kg7 42. h5 Rb5 43. Rxc4 Rxe5 44. Ka3 Rxg5 45. Kxa4 f5 46. gxf5 exf5
47. b4 Kh6 48. b5 Rg4 49. Kb3 Kxh5 50. b6 Rg8 51. Rc7 Rb8 52. b7 Kg6 53. Kc3 h5
54. Kd3 Kf6 55. Ke3 Ke5 56. Rh7 h4 57. Kf3 h3 58. Kg3 Ke4 59. Re7+ Kd5 60. Kxh3
Kc6 1/2-1/2

[Event "FLORIPA CHESS OPEN 2015"]
[Site "Florianopolis/SC"]
[Date "2015.01.18"]
[Round "10"]
[Board "13"]
[White "Queiroz, Alberto Becker"]
[Black "Dejeanne, Francisco"]
[Result "1/2-1/2"]
[WhiteElo "2111"]
[BlackElo "2240"]
[PlyCount "134"]
[EventDate "2015.01.14"]
[EventRounds "10"]
[EventCountry "BRA"]

1. e4 c5 2. Nf3 e6 3. g3 a6 4. Bg2 b5 5. O-O Bb7 6. Re1 d6 7. d4 Nd7 8. c3 Nb6
9. Nbd2 Qc7 10. d5 e5 11. Nh4 g6 12. f4 f6 13. Bh3 Bc8 14. Bxc8 Rxc8 15. fxe5
dxe5 16. c4 Qd7 17. b3 Bg7 18. a4 b4 19. a5 Na8 20. Ndf3 Nh6 21. Rf1 Nf7 22.
Be3 Nd6 23. Nd2 O-O 24. Nhf3 Nb7 25. Ra2 Nc7 26. Ne1 Ne8 27. Nd3 Ned6 28. Qf3
Rc7 29. Qf2 Qc8 30. Qg2 Rff7 31. Nf2 Qd7 32. Qh3 Qxh3 33. Nxh3 Bf8 34. Nf2 Ne8
35. Nd3 Bd6 36. g4 Ng7 37. Nf3 Rc8 38. Rff2 Re8 39. h4 f5 40. Ng5 Rff8 41. gxf5
gxf5 42. Rg2 Kh8 43. Bc1 f4 44. Kf2 Nd8 45. Kf3 h6 46. Nh3 Kh7 47. Nhf2 Nh5 48.
Bb2 Nf7 49. Ra1 Rg8 50. Rxg8 Rxg8 51. Ng4 Re8 52. Rg1 Kh8 53. Nxh6 Nxh6 54. Rg6
Nf7 55. Rxd6 Nxd6 56. Bxe5+ Rxe5 57. Nxe5 Nf6 58. Kxf4 Nfxe4 59. Nd3 Kg7 60.
Ke5 Kg6 61. Ke6 Nb7 62. Nc1 Kh5 63. Kd7 Kxh4 64. Kc6 Nxa5+ 65. Kb6 Nxc4+ 66.
bxc4 Kg4 67. Kxa6 Nd6 1/2-1/2

[Event "FLORIPA CHESS OPEN 2015"]
[Site "Florianopolis/SC"]
[Date "2015.01.18"]
[Round "10"]
[Board "14"]
[White "Guimaraes, Diogo Duarte"]
[Black "Oliveira, Fernando Henrique"]
[Result "1/2-1/2"]
[WhiteElo "2221"]
[BlackElo "2162"]
[PlyCount "130"]
[EventDate "2015.01.14"]
[EventRounds "10"]
[EventCountry "BRA"]

1. e4 c5 2. Nf3 e6 3. d4 cxd4 4. Nxd4 Nc6 5. Nb5 d6 6. Bf4 e5 7. Be3 a6 8. N5a3
Nf6 9. Nc3 b5 10. Nd5 Nxd5 11. exd5 Ne7 12. c4 Nf5 13. Bd2 bxc4 14. Bxc4 Be7
15. O-O O-O 16. Nc2 Bg5 17. Nb4 Bxd2 18. Qxd2 Qh4 19. Rac1 Nh6 20. f4 e4 21.
Qe1 Qxe1 22. Rfxe1 Re8 23. Bd3 a5 24. Nc6 Bf5 25. Bb5 Bd7 26. Nd4 Bxb5 27. Nxb5
Rad8 28. Rc6 Nf5 29. Rc4 e3 30. g4 Nh4 31. Re2 f5 32. g5 Ng6 33. Kg2 Rc8 34.
Rxc8 Rxc8 35. Rxe3 Nxf4+ 36. Kf3 Nxd5 37. Nxd6 Rd8 38. Re8+ Rxe8 39. Nxe8 Kf7
40. Nd6+ Kg6 41. a4 Kxg5 42. Nb7 Kh4 43. Kg2 Ne3+ 44. Kg1 g5 45. Nxa5 f4 46.
Nb3 Nc4 47. a5 Nxb2 48. Nc5 Nc4 49. a6 Nb6 50. a7 Na8 51. Ne6 h6 52. Kg2 Kg4
53. Nd4 Kh4 54. Nf5+ Kh5 55. Kf3 Kg6 56. Ne7+ Kf6 57. Ng8+ Kg7 58. Ne7 Kf6 59.
Ng8+ Kg7 60. Ne7 Kf6 61. Nc6 Kf5 62. h3 h5 63. Nd4+ Ke5 64. Nc6+ Kf5 65. Nd4+
Ke5 1/2-1/2

[Event "FLORIPA CHESS OPEN 2015"]
[Site "Florianopolis/SC"]
[Date "2015.01.18"]
[Round "10"]
[Board "15"]
[White "Zini, Jhone Marcelo"]
[Black "Caetano, Hugo Zanotti Mendonca"]
[Result "1/2-1/2"]
[WhiteElo "2082"]
[BlackElo "2215"]
[PlyCount "21"]
[EventDate "2015.01.14"]
[EventRounds "10"]
[EventCountry "BRA"]

1. e4 c5 2. Nf3 e6 3. c4 Nc6 4. d4 cxd4 5. Nxd4 a6 6. Nc3 Qc7 7. Nc2 d6 8. Be2
Nf6 9. Be3 Be7 10. O-O O-O 11. f4 1/2-1/2

[Event "FLORIPA CHESS OPEN 2015"]
[Site "Florianopolis/SC"]
[Date "2015.01.18"]
[Round "10"]
[Board "16"]
[White "Zonta, Juliano Artemio"]
[Black "Dias, Anderson Tatsch"]
[Result "0-1"]
[WhiteElo "1973"]
[BlackElo "2212"]
[PlyCount "86"]
[EventDate "2015.01.14"]
[EventRounds "10"]
[EventCountry "BRA"]

1. e4 c5 2. Nf3 e6 3. d3 d6 4. g3 Nf6 5. Bg2 Be7 6. O-O O-O 7. Re1 Nc6 8. c3
Bd7 9. d4 cxd4 10. cxd4 d5 11. exd5 Nxd5 12. Nc3 Nxc3 13. bxc3 Na5 14. Ne5 Bb5
15. Be4 Rc8 16. Bd2 Be8 17. Rb1 b6 18. Qe2 Nc6 19. Nf3 Bf6 20. h4 Na5 21. Bc2
Bc6 22. Qd3 g6 23. Ne5 Bb7 24. Bh6 Qd5 25. f3 Rfd8 26. Rb5 Qd6 27. Bf4 Qa3 28.
Rb3 Nxb3 29. axb3 Qa5 30. Re3 Qa1+ 31. Kg2 Ba6 32. Qd2 Rd5 33. h5 Ra5 34. c4
Ra2 35. Rc3 Bb7 36. Ng4 Bg7 37. h6 f5 38. Ne5 Bh8 39. d5 exd5 40. c5 Rxc5 41.
Rxc5 bxc5 42. Nd3 Qc3 43. Qxc3 Bxc3 0-1

[Event "FLORIPA CHESS OPEN 2015"]
[Site "Florianopolis/SC"]
[Date "2015.01.18"]
[Round "10"]
[Board "17"]
[White "Garkauskas, Otto Dmitry"]
[Black "Mendonca Campelo, Higor Carlos"]
[Result "1/2-1/2"]
[WhiteElo "2202"]
[BlackElo "2119"]
[PlyCount "54"]
[EventDate "2015.01.14"]
[EventRounds "10"]
[EventCountry "BRA"]

1. d4 Nf6 2. c4 g6 3. Nc3 d5 4. Nf3 Bg7 5. Qb3 c6 6. cxd5 cxd5 7. Bg5 e6 8. e3
O-O 9. Be2 Nc6 10. O-O Qa5 11. Qc2 Bd7 12. a3 Rfc8 13. Qd3 Ne7 14. Rfc1 Nf5 15.
Ne5 Be8 16. Bf4 Bf8 17. b4 Qb6 18. Qd1 Nd6 19. Nd3 Nfe4 20. Nxe4 Nxe4 21. Nc5
Bb5 22. Rab1 Bxe2 23. Qxe2 a5 24. Be5 Be7 25. f3 Nd6 26. Bxd6 Bxd6 27. e4 axb4
 1/2-1/2

[Event "FLORIPA CHESS OPEN 2015"]
[Site "Florianopolis/SC"]
[Date "2015.01.18"]
[Round "10"]
[Board "19"]
[White "Godoy Olazabal, Artur"]
[Black "Starke, Bruno Orlando"]
[Result "0-1"]
[WhiteElo "2198"]
[BlackElo "2103"]
[PlyCount "74"]
[EventDate "2015.01.14"]
[EventRounds "10"]
[EventCountry "BRA"]

1. e4 c5 2. Nf3 e6 3. Nc3 Nc6 4. Bb5 Nge7 5. O-O Qc7 6. d4 cxd4 7. Nxd4 a6 8.
Be2 Nxd4 9. Qxd4 Nc6 10. Qd1 Bc5 11. Kh1 O-O 12. f4 b5 13. b3 Bb7 14. Bb2 Rad8
15. Bd3 f6 16. Qh5 Bd4 17. Rf3 g6 18. Qh6 d6 19. Rg3 Qg7 20. Qh3 f5 21. exf5
exf5 22. Rb1 Rde8 23. Rf3 Kh8 24. Nd1 Re1+ 25. Rf1 Rxd1 26. Rbxd1 Bxb2 27. Qe3
Bd4 28. Qe6 Bc5 29. a4 Nd4 30. Qe1 b4 31. Qg3 Be4 32. Rd2 Re8 33. Re1 a5 34.
Qh4 Qe7 35. Qh3 Bxg2+ 36. Rxg2 Qxe1+ 37. Rg1 Qf2 0-1